Empowering the Indian woman (Record no. 515652)

000 -LEADER
fixed length control field 00271nam a22000977a 4500
082 ## - DEWEY DECIMAL CLASSIFICATION NUMBER
Classification number TNC B142x54 K143c
100 ## - MAIN ENTRY--PERSONAL NAME
Personal name Kapur, Promilla (com.)
9 (RLIN) 21374
245 ## - TITLE STATEMENT
Title Empowering the Indian woman
Statement of responsibility, etc Edited by promilla Kapur
260 ## - PUBLICATION, DISTRIBUTION, ETC. (IMPRINT)
Place of publication, distribution, etc New Delhi
Name of publisher, distributor, etc Division
Date of publication, distribution, etc 2001
300 ## - PHYSICAL DESCRIPTION
Extent 440p.
Holdings
Withdrawn status Lost status Source of classification or shelving scheme Damaged status Koha normalized classification for sorting Not for loan Permanent location Current location Date acquired Full call number Barcode Date last seen Price effective from Koha item type
        TNC_B142X54_K143C   Indian Institute of Public Administration Indian Institute of Public Administration 2021-02-03 TNC B142x54 K143c GR22570 2021-02-03 2021-02-03 GR

Powered by Koha